Socialismo democrático, sindicalismo e internacionalismo /
Αποθηκεύτηκε σε:
| Κύριος συγγραφέας: | |
|---|---|
| Μορφή: | Κείμενο |
| Ετικέτες: |
Προσθήκη ετικέτας
Δεν υπάρχουν, Καταχωρήστε ετικέτα πρώτοι!
|
MARC
| LEADER | 00000 a a2200000 04500 | ||
|---|---|---|---|
| 001 | 3241 | ||
| 003 | |||
| 040 | |||
| 100 | |a Ungo, Guillermo Manuel | ||
| 245 | |a Socialismo democrático, sindicalismo e internacionalismo / |c Guillermo Manuel Ungo | ||
| 773 | |g número 31; páginas 17-22 | ||
| 999 | |c 33468 |d 33468 | ||
